Parma Squad 2018-2019 - Statistics

General Stats
  • This quiz has been taken 10 times
  • The average score is 8 of 33
Answer Stats
Ruolo Giocatore Nazionalità % Correct
LW Gervinho Ivory Coast
89%
GK Luigi Sepe Italy
89%
CB Bruno Alves Portugal
67%
RW Jonathan Biabiany France
67%
ST Roberto Inglese Italy
67%
CB Riccardo Gagliolo Italy
44%
CM Matteo Scozzarella Italy
33%
RB Simone Iacoponi Italy
33%
LW Yves Baraye Senegal
33%
CM Alberto Grassi Italy
22%
CB Alessandro Bastoni Italy
22%
LW Alessio Da Cruz Netherlands
22%
CM Leo Štulac Slovenia
22%
RW Luca Siligardi Italy
22%
CM Alessandro Deiola Italy
11%
RW Amato Ciciretti Italy
11%
CM Antonino Barillà Italy
11%
LW Antonio Di Gaudio Italy
11%
ST Fabio Ceravolo Italy
11%
LB Federico Dimarco Italy
11%
CB Francisco Sierralta Chile
11%
CM Gianni Munari Italy
11%
CM Jacopo Dezi Italy
11%
CM Luca Rigoni Italy
11%
LB Massimo Gobbi Italy
11%
RW Mattia Sprocati Italy
11%
GK Pierluigi Frattali Italy
11%
LB Giovanni Pinto Italy
0%
CM Giuseppe Carriero Italy
0%
LB Luigi Scaglia Italy
0%
RW Manuel Nocciolini Italy
0%
RB Marcello Gazzola Italy
0%
CB Valerio Di Cesare Italy
0%
No matching quizzes found
Score Distribution
Percent of People with Each Score
Percentile by Number Answered
Your Score History
You have not taken this quiz